South Slavic Cities Map Quiz - Statistics

General Stats
  • This quiz has been taken 161 times
  • The average score is 11 of 14
Answers on the Map
Answers color-coded by a green-red scale on the quiz's map according to % correct below.
 
Answer Stats
Answer % Correct
Belgrade
91%
Ljubljana
91%
Sarajevo
89%
Split
89%
Zagreb
89%
Skopje
87%
Podgorica
86%
Sofia
83%
Novi Sad
80%
Plovdiv
73%
Varna
73%
Niš
71%
Burgas
56%
Kragujevac
48%
No matching quizzes found
Score Distribution
Percent of People with Each Score
Percentile by Number Answered
Your Score History
You have not taken this quiz